| 000 | 00398nam a2200157Ia 4500 | ||
|---|---|---|---|
| 008 | 230524s9999 xx 000 0 und d | ||
| 082 |
_a658 _bPAT |
||
| 100 | _aKiran Kumar Patra | ||
| 245 | 0 | _aEnvironmental Engineering & Safety Management | |
| 250 | _a1 | ||
| 260 |
_aBhubaneswar _bAlok _c2013 |
||
| 300 | _axii;399p. | ||
| 500 | _aQuantity Number: 5 | ||
| 650 | _aEnvironmental | ||
| 942 | _cBK | ||
| 999 |
_c52419 _d52419 |
||